| 000 | 00496nam a22001577a 4500 | ||
|---|---|---|---|
| 005 | 20241129121955.0 | ||
| 008 | 241129b |||||||| |||| 00| 0 eng d | ||
| 020 | _a9780071357326 | ||
| 050 |
_aPN6081.5 _bQUO |
||
| 100 | _aTURKINGTON, A. CAROL | ||
| 245 |
_aTHE QUOTABLE WOMAN; _bWORDS OF WISDOM FROM MOTHER TERESA, EDITH WHARTON, VIRGINIA WOOLF, ELEANOR ROOSEVELT,KATHARINE HEPBURN |
||
| 260 |
_aNEW YORK _bMCGRAW-HILL _cc2000 |
||
| 300 | _a218p | ||
| 500 | _aincludes index | ||
| 942 |
_2lcc _cBK _n0 |
||
| 999 |
_c1746 _d1746 |
||